书目信息 |
| 题名: |
大跨空间结构多维隔震减振体系与抗灾性能设计方法
|
|
| 作者: | 韩庆华 , 薛素铎 , 霍林生 著 | |
| 分册: | ||
| 出版信息: | 北京 科学出版社 2020.12 |
|
| 页数: | 247页 | |
| 开本: | 24cm | |
| 丛书名: | ||
| 单 册: | ||
| 中图分类: | TU352.12 | |
| 科图分类: | ||
| 主题词: | 隔震--建筑结构--研究 | |
| 电子资源: | ||
| ISBN: | 978-7-03-067547-7 | |
| 000 | 01332nam0 2200253 45 | |
| 001 | 012001002115 | |
| 005 | 20140913113005.0 | |
| 010 | @a978-7-03-067547-7@dCNY118.00 | |
| 100 | @a20210625d2020 em y0chiy50 ea | |
| 101 | 0 | @achi |
| 102 | @aCN@b110000 | |
| 105 | @aa z 000yy | |
| 106 | @ar | |
| 200 | 1 | @a大跨空间结构多维隔震减振体系与抗灾性能设计方法@Ada kua kong jian jie gou duo wei ge zhen jian zhen ti xi yu kang zai xing neng she ji fang fa@b专著@f韩庆华,薛素铎,霍林生著 |
| 210 | @a北京@c科学出版社@d2020.12 | |
| 215 | @a247页@c图@d24cm | |
| 330 | @a本书总结大跨空间结构振动控制相关的研究成果,提出大跨空间结构多维宽频隔震新体系及高性能减振新体系。通过理论分析、数值模拟和试验研究相结合的方式论述新型多维隔震装置和高性能减振阻尼器的力学性能,为其进一步在大跨空间结构中的应用奠定基础。将新型振动控制装置和大跨空间结构(网架结构、网壳结构、弦支结构等)结合起来,通过参数化分析和振动台试验阐明大跨空间结构隔震及减振新体系的破坏机理和失效模式,验证新型多维隔震装置和高性能减振阻尼器对大跨空间结构的振动控制效果。最后,提出大跨空间结构隔震及减振新体系的相关设计方法。 | |
| 606 | 0 | @a隔震@x建筑结构@x研究 |
| 690 | @aTU352.12@v5 | |
| 701 | 0 | @a韩庆华@Ahan qing hua@4著 |
| 701 | 0 | @a薛素铎@Axue su duo@4著 |
| 701 | 0 | @a霍林生@Ahuo lin sheng@4著 |
| 801 | 0 | @aCN@bBJSDL@c20211011 |
| 905 | @b1338495-8@dTU352.12@e2006@f4 | |
| 大跨空间结构多维隔震减振体系与抗灾性能设计方法/韩庆华,薛素铎,霍林生著.-北京:科学出版社,2020.12 |
| 247页:图;24cm |
| ISBN 978-7-03-067547-7:CNY118.00 |
| 本书总结大跨空间结构振动控制相关的研究成果,提出大跨空间结构多维宽频隔震新体系及高性能减振新体系。通过理论分析、数值模拟和试验研究相结合的方式论述新型多维隔震装置和高性能减振阻尼器的力学性能,为其进一步在大跨空间结构中的应用奠定基础。将新型振动控制装置和大跨空间结构(网架结构、网壳结构、弦支结构等)结合起来,通过参数化分析和振动台试验阐明大跨空间结构隔震及减振新体系的破坏机理和失效模式,验证新型多维隔震装置和高性能减振阻尼器对大跨空间结构的振动控制效果。最后,提出大跨空间结构隔震及减振新体系的相关设计方法。 |
| ● |
| 相关链接 |
|
|
|
|
正题名:大跨空间结构多维隔震减振体系与抗灾性能设计方法
索取号:TU352.12/2006
 
预约/预借
| 序号 | 登录号 | 条形码 | 馆藏地/架位号 | 状态 | 备注 |
| 1 | 1338495 | 213384951 | 第二样本阅览室/ [索取号:TU352.12/2006] | 在馆 | |
| 2 | 1338496 | 213384960 | 第三借阅区/ [索取号:TU352.12/2006] | 在馆 | |
| 3 | 1338497 | 213384979 | 第三借阅区/ [索取号:TU352.12/2006] | 在馆 | |
| 4 | 1338498 | 213384988 | 第三借阅区/ [索取号:TU352.12/2006] | 在馆 |